[Event "Mecklenburg VP LL2 West 1819"]
[Site "Mecklenburg VP"]
[Date "2018.11.11"]
[Round "2.6"]
[White "Brandt, Juergen"]
[Black "Knoop, Sascha"]
[Result "1/2-1/2"]
[WhiteElo "1768"]
[BlackElo "1782"]
[PlyCount "26"]
[EventDate "2018.10.21"]
[EventType "team-tourn"]
[EventRounds "9"]
[EventCountry "GER"]
[SourceTitle "EXT 2022"]
[Source "ChessBase"]
[SourceDate "2021.10.06"]
[SourceVersion "1"]
[SourceVersionDate "2021.10.06"]
[SourceQuality "1"]
[WhiteTeam "Schwerin SF IV"]
[BlackTeam "Mecklenburger Springer SC"]
[WhiteTeamCountry "GER"]
[BlackTeamCountry "GER"]

1. c4 Nf6 2. Nc3 e6 3. g3 d5 4. Bg2 Be7 5. Nf3 0-0 6. cxd5 exd5 7. d4 c6 8. 0-0 h6 9. Qc2 Na6 10. a3 Nc7 11. Re1 Re8 12. Bd2 a6 13. b4 Nb5 1/2-1/2

[Event "Mecklenburg VP LL2 West 1819"]
[Site "Mecklenburg VP"]
[Date "2018.10.21"]
[Round "1.7"]
[White "Hausmann, Marcus"]
[Black "Brandt, Juergen"]
[Result "1-0"]
[WhiteElo "1887"]
[BlackElo "1768"]
[PlyCount "85"]
[EventDate "2018.10.21"]
[EventType "team-tourn"]
[EventRounds "9"]
[EventCountry "GER"]
[SourceTitle "EXT 2022"]
[Source "ChessBase"]
[SourceDate "2021.10.06"]
[SourceVersion "1"]
[SourceVersionDate "2021.10.06"]
[SourceQuality "1"]
[WhiteTeam "Grevesmuehlen Blau Weiss"]
[BlackTeam "Schwerin SF IV"]
[WhiteTeamCountry "GER"]
[BlackTeamCountry "GER"]

1. d4 f5 2. Nf3 Nf6 3. Bf4 d6 4. e3 g6 5. h3 Bg7 6. c4 Nc6 7. Nc3 e6 8. Rb1 a5 9. a3 b6 10. d5 Ne7 11. Bg5 e5 12. Bxf6 Bxf6 13. e4 0-0 14. Bd3 f4 15. Ra1 Bd7 16. b4 axb4 17. axb4 Rxa1 18. Qxa1 Qa8 19. Ke2 g5 20. Nd2 Ng6 21. f3 Nh4 22. Kf2 Qc8 23. Qa7 h5 24. c5 bxc5 25. bxc5 dxc5 26. Qxc5 Kf7 27. Bb5 Be7 28. Qc4 Bxb5 29. Nxb5 Bd6 30. Ra1 Qb7 31. Nxd6+ cxd6 32. Qc6 Qxc6 33. dxc6 Ng6 34. Nc4 Ke6 35. Ra7 Ne7 36. Rd7 Nc8 37. Rh7 h4 38. Rh6+ Rf6 39. Rh8 Ne7 40. Na5 Rg6 41. Rd8 Kf7 42. c7 Rg8 43. Nb7 1-0

[Event "MVP-ch Seniors op 16th"]
[Site "Binz"]
[Date "2016.12.01"]
[Round "9.64"]
[White "Brandt, Juergen"]
[Black "Wilfert, Eva Maria"]
[Result "1/2-1/2"]
[WhiteElo "1818"]
[BlackElo "1653"]
[PlyCount "38"]
[EventDate "2016.11.23"]
[EventType "swiss"]
[EventRounds "9"]
[EventCountry "GER"]
[SourceTitle "EXT 2018"]
[Source "ChessBase"]
[SourceDate "2017.10.13"]
[SourceVersion "1"]
[SourceVersionDate "2017.10.13"]
[SourceQuality "1"]

1. c4 e5 2. Nc3 Nf6 3. g3 d5 4. Bg2 dxc4 5. Nf3 Nc6 6. Qa4 Bd6 7. Qxc4 Be6 8. Qb5 Rb8 9. Ng5 Bd7 10. Qb3 0-0 11. 0-0 h6 12. Nge4 Nxe4 13. Bxe4 Be6 14. Qd1 f5 15. Bxc6 bxc6 16. e3 f4 17. exf4 exf4 18. Ne4 f3 19. Kh1 Bg4 1/2-1/2

[Event "MVP-ch Seniors op 16th"]
[Site "Binz"]
[Date "2016.11.26"]
[Round "4.68"]
[White "Breitenfeldt, Ulrich"]
[Black "Brandt, Juergen"]
[Result "1-0"]
[WhiteElo "1651"]
[BlackElo "1818"]
[PlyCount "71"]
[EventDate "2016.11.23"]
[EventType "swiss"]
[EventRounds "9"]
[EventCountry "GER"]
[SourceTitle "EXT 2018"]
[Source "ChessBase"]
[SourceDate "2017.10.13"]
[SourceVersion "1"]
[SourceVersionDate "2017.10.13"]
[SourceQuality "1"]

1. d4 Nf6 2. c4 g6 3. Nf3 Bg7 4. Nc3 0-0 5. Bg5 d6 6. h3 b6 7. Qc2 Bb7 8. Rd1 Nbd7 9. e4 Qe8 10. Be2 Rc8 11. 0-0 e6 12. Rfe1 h6 13. Bh4 Nh5 14. d5 e5 15. Nd2 Nf4 16. Bf3 g5 17. Bg3 Ra8 18. Bg4 Bc8 19. Nf3 Nc5 20. Bxc8 Qxc8 21. Bxf4 gxf4 22. b4 Nd7 23. Kf1 Nf6 24. Nh4 Nh7 25. Nf5 Qd8 26. Qe2 Kh8 27. h4 Rg8 28. Qf3 Nf6 29. g4 Bf8 30. g5 hxg5 31. hxg5 Rxg5 32. Ke2 Nh7 33. Rh1 Rg6 34. Qh5 Bh6 35. Nxh6 Nf6 36. Nxf7+ 1-0

[Event "MVP-ch Seniors op 16th"]
[Site "Binz"]
[Date "2016.11.24"]
[Round "2.72"]
[White "Helm, Helga"]
[Black "Brandt, Juergen"]
[Result "0-1"]
[WhiteElo "1521"]
[BlackElo "1818"]
[PlyCount "30"]
[EventDate "2016.11.23"]
[EventType "swiss"]
[EventRounds "9"]
[EventCountry "GER"]
[SourceTitle "EXT 2018"]
[Source "ChessBase"]
[SourceDate "2017.10.13"]
[SourceVersion "1"]
[SourceVersionDate "2017.10.13"]
[SourceQuality "1"]

1. e4 d5 2. exd5 Nf6 3. Nc3 Nxd5 4. Nxd5 Qxd5 5. h3 e5 6. Qe2 Nc6 7. Qc4 Qd8 8. c3 Be6 9. Qe2 Bd6 10. d3 0-0 11. Be3 f5 12. Qc2 f4 13. Bd2 Bd5 14. 0-0-0 Bxa2 15. b3 Ba3+ 0-1

[Event "MVP-ch Seniors op 15th"]
[Site "Binz"]
[Date "2015.11.28"]
[Round "5.73"]
[White "Gottschalk, Juergen"]
[Black "Brandt, Juergen"]
[Result "0-1"]
[WhiteElo "1327"]
[BlackElo "1601"]
[PlyCount "54"]
[EventDate "2015.11.24"]
[EventType "swiss"]
[EventRounds "9"]
[EventCountry "GER"]
[SourceTitle "EXT 2017"]
[Source "ChessBase"]
[SourceDate "2016.10.25"]
[SourceVersion "1"]
[SourceVersionDate "2016.10.25"]
[SourceQuality "1"]

1. e4 d5 2. exd5 Nf6 3. c4 c6 4. dxc6 Nxc6 5. d3 e5 6. Nc3 Bf5 7. a3 Bc5 8. h3 0-0 9. Be3 Nd4 10. Nf3 Re8 11. b4 Nxf3+ 12. gxf3 Bd4 13. Rc1 Qd7 14. Ne4 Rad8 15. Rg1 Nxe4 16. fxe4 Bxh3 17. Rg3 Bxf1 18. Kxf1 Re6 19. a4 Bxe3 20. Rxe3 Rh6 21. Qc2 Qg4 22. Ke1 Rh2 23. Re2 Rh1+ 24. Kd2 Qf4+ 25. Re3 Qxf2+ 26. Re2 Qf4+ 27. Re3 Rh2+ 0-1

[Event "MVP-ch Seniors op 15th"]
[Site "Binz"]
[Date "2015.11.25"]
[Round "2.81"]
[White "Brandt, Juergen"]
[Black "Geibel, Henning"]
[Result "1-0"]
[WhiteElo "1601"]
[BlackElo "1192"]
[PlyCount "55"]
[EventDate "2015.11.24"]
[EventType "swiss"]
[EventRounds "9"]
[EventCountry "GER"]
[SourceTitle "EXT 2017"]
[Source "ChessBase"]
[SourceDate "2016.10.25"]
[SourceVersion "1"]
[SourceVersionDate "2016.10.25"]
[SourceQuality "1"]

1. c4 e6 2. g3 d5 3. Bg2 dxc4 4. Qa4+ Nd7 5. Nc3 Ngf6 6. Nf3 c6 7. Qxc4 Nb6 8. Qb3 Be7 9. d3 0-0 10. 0-0 Nbd5 11. Bd2 Qb6 12. Qc2 Bc5 13. Na4 Bxf2+ 14. Rxf2 Ne3 15. Qc5 Qxc5 16. Nxc5 Ned5 17. Ne5 Nb6 18. Raf1 Nbd7 19. Ncxd7 Bxd7 20. Bg5 Be8 21. Bxf6 gxf6 22. Rxf6 Rc8 23. Bh3 Rd8 24. Bxe6 fxe6 25. Rxf8+ Kg7 26. Rxe8 Rxe8 27. Rf7+ Kg8 28. Rxb7 1-0

[Event "MVP-ch Seniors op 15th"]
[Site "Binz"]
[Date "2015.11.24"]
[Round "1.37"]
[White "Achenbach, Manfred"]
[Black "Brandt, Juergen"]
[Result "1-0"]
[WhiteElo "1911"]
[BlackElo "1601"]
[PlyCount "107"]
[EventDate "2015.11.24"]
[EventType "swiss"]
[EventRounds "9"]
[EventCountry "GER"]
[SourceTitle "EXT 2017"]
[Source "ChessBase"]
[SourceDate "2016.10.25"]
[SourceVersion "1"]
[SourceVersionDate "2016.10.25"]
[SourceQuality "1"]

1. Nf3 e6 2. c4 f5 3. g3 Nf6 4. Bg2 Be7 5. 0-0 0-0 6. b3 Nc6 7. d4 d5 8. Bb2 Qe8 9. Nc3 Qh5 10. e3 a6 11. Rc1 Nd8 12. Ne5 Qxd1 13. Rfxd1 c6 14. Na4 Nf7 15. Rc2 Nxe5 16. dxe5 Nd7 17. cxd5 exd5 18. Bd4 Re8 19. f4 Bd8 20. Bf3 Nf8 21. Bb6 Bxb6 22. Nxb6 Rb8 23. Nxc8 Rbxc8 24. g4 fxg4 25. Bxg4 Rcd8 26. b4 g6 27. a4 Ne6 28. Kg2 h5 29. Bxe6+ Rxe6 30. e4 Re7 31. exd5 cxd5 32. Rcd2 Red7 33. Rd4 Kf7 34. Kg3 Ke6 35. Kh4 Kf5 36. Rg1 Rg7 37. Rg5+ Ke6 38. Rg2 Kf5 39. b5 g5+ 40. fxg5 Kxe5 41. Rdd2 Kf4 42. g6 Rd6 43. Rdf2+ Ke3 44. Re2+ Kd3 45. Rd2+ Kc3 46. Kxh5 Rgxg6 47. Rxg6 Rxg6 48. Rxd5 Rg2 49. h4 Kb3 50. a5 Kb4 51. Rg5 Rxg5+ 52. Kxg5 Kxb5 53. h5 Kxa5 54. h6 1-0